Name the Tank! - Statistics

General Stats
  • This quiz has been taken 63 times
  • The average score is 13 of 28
Answer Stats
Hint Answer % Correct
Based of the KV-1 chasis, but uses a powerful 152mm howitzer. KV-2
73%
Upgraded 3 man turret from the T-34, with a powerful ZiS-S-53 gun and improved armour. T-34-85
68%
This Russian MBT was built on the T-64, incorporating features of the T-72 and changing the engine to a gas turbine engine. T-80
66%
Upgraded Churchill tank with the addition of a flamethrower in the hull. Churchill Crocodile
61%
This third-generation German MBT entered service in 1979 to replace the Leopard I tank. This tank is currently serving in the Russo-Ukraine war, Afghanistan War and the Syrian Civil War. Leopard 2
61%
This Soviet MBT first entered service in 1973 with the Soviets. It uses a 125mm 2A26M2 smoothbore gun. This tank has a very low profile and has well-sloped composite armour to protect the 3-man crew inside. T-72
61%
This 3rd Generation Russian MBT was designed to replace the aging T-72. It features a 125mm main gun, a blend of steel and composite armour, a Kontakt-5 explosive reactive armour (ERA), and the Shtora-1 infrared jamming system for protection against anti-tank guided missiles. T-90
61%
First tank to use the deadly KwK 88mm cannon. Tiger I
61%
This American MBT is the backbone is the US Army, and was used in multiple armed conflicts including the Iraq War, Afghanistan War and the Gulf War. M1 Abrams
59%
Built as a successor to the mighty Tiger I tank, with is extremely thick 6-inch sloped armour and powerful 88mm KwK 43 cannon. Tiger II
54%
This British tank was the primary main battle tank for the British Army post-WWII and entered service in 1945. It remained in production until 1960 and even saw combat in the 1980's. Centurion
51%
Produced to replace old Soviet tanks and to counter the superior German tanks on the Eastern Front. KV-1
51%
This 3rd Generation French MBT entered service in 1992 with the French Army. While they have not been deployed into any major armed conflicts, they have seen service in Yemen, Kosovo and in the Yemeni Civil War. LecLerc
49%
This 3rd Generation British MBT entered service in 1998, and Is currently in use with the United Kingdom, Oman and Ukraine. Challenger 2
46%
First Sherman ever made, featuring a 75mm gun. M4 Sherman
46%
This Soviet tank includes the worlds first successful 115mm smoothbore cannon firing APFSDS rounds. T-62
44%
This French MBT uses a 105mm gun and prioritises speed and power over armour, and uses a 20mm coax autocannon for anti-air capabilities. AMX-30
39%
This 1st Generation MBT first entered service in West Germany in 1965. It also features a powerful 105mm L7A3 rifled gun. Leopard I
39%
American 1st Generation MBT first used in 1953, but used by the Americans in the Vietnam War. M48 Patton
39%
This cold-war era Soviet tank uses a two-plane gun stabiliser, and has a 100mm D-10T2S gun. T-55
39%
Added 50mm of armour from the original Panther tank, featuring new sloped armour and a new gun mantlet. Panther G
34%
Used a powerful Rolls Royce Meteor engine, with a 75mm gun and great speed and mobility. Cromwell
32%
This South Korean 4th Generation MBT has an advanced fire-control system, in-arm suspension, a radar, a laser rangefinder and a crosswind sensor for lock-on targeting. Its thermographic camera tracks targets up to 9.8 km, and its millimeter-band radar acts as a Missile Approach Warning System, enhancing situational awareness, and soft-kill active protection system deploys smoke grenades to counter incoming projectiles. K2 Black Panther
32%
This Israeli MBT is used by the Israeli Defence Force, and is the backbone of the IFD's armoured division. This tank is currently being used the Israel in the Gaza War. Merkava Mk.4
32%
First used in the Yom-Kippur War with Israel, and was used by the Americans in Operation Urgent Fury in 1983. M60 Patton
29%
This 3rd Generation Chinese MBT is the replacement for the aging Type 88 MBT. This MBT is also China's first mass-produced 3rd Generation MBT. Type 99
29%
This Turkish 4th Generation MBT is based on the South Korea K2 Black Panther. It has only very recently entered service in 2025, and has not seen any conflict since its introduction. Altay
27%
This tank was made to combat the powerful German Tiger II. T26E1-1
5%
No matching quizzes found
Score Distribution
Percent of People with Each Score
Percentile by Number Answered
Your Score History
You have not taken this quiz